000 00330nam a22001457a 4500
008 210310b ||||| |||| 00| 0 eng d
020 _a9780324164701
041 _aeng
080 _29th
_a336
082 _a336
100 _a56
101 _aFIN
245 _aContemporary Financial Management
_cMoyer, R. CH
942 _2udc
_cBK
999 _c56277
_d56277